Statistics for Winnipeg Jets Roster

Click here to take the quiz!

General Stats

  • This quiz has been taken 15 times
    (7 since last reset)
  • The average score is 16 of 26

Answer Stats

PositionAnswer% Correct
GoaltenderConnor Hellebuyck
100%
DefensemanJosh Morrissey
100%
GoaltenderLaurent Brossoit
100%
Left WingNikolaj Ehlers
100%
CenterSean Monahan
100%
CenterAlex Iafallo
80%
CenterCole Perfetti
80%
Left WingKyle Connor
80%
CenterMark Scheifele
80%
DefensemanNate Schmidt
80%
DefensemanNeal Pionk
80%
Left WingAdam Lowry
60%
DefensemanBrenden Dillon
60%
DefensemanDylan DeMelo
60%
DefensemanLogan Stanley
60%
CenterMason Appleton
60%
Right WingNino Niederreiter
60%
CenterTyler Toffoli
60%
CenterDavid Gustafsson
40%
DefensemanDylan Samberg
40%
CenterRasmus Kupari
40%
CenterVladislav Namestnikov
40%
Left WingAxel Jonsson-Fjällby
20%
CenterMorgan Barron
20%
CenterDominic Toninato
0%
CenterGabe Vilardi
0%

Score Distribution

Percentile by Number Answered

Percent of People with Each Score

Your Score History

You have not taken this quiz since the last reset